000 00743cam a2200241 a 4500
001 4257198
003 OSt
005 20230608090136.0
008 831216s1982 ii 000 0 eng
010 _a 83902743
040 _aDLC
_cDLC
_dDLC
_dOCoLC
043 _aa-ii---
050 0 0 _aDS480.853
_b.G36 1982
082 0 0 _a954.04
_bGAN
100 1 _aGandhi, Indira,
_d1917-1984.
245 1 0 _aPrime Minister Indira Gandhi speaks on foreign policy, 1981.
260 _aNew Delhi :
_bExternal Publicity Division, Ministry of External Affairs, [Govt. of India,
_c19]82.
300 _a111 p. ;
_c25 cm.
500 _aCover title.
651 0 _aIndia
_xForeign relations.
906 _a7
_bcbc
_corignew
_d2
_encip
_f19
_gy-gencatlg
942 _2ddc
_cBK
999 _c826
_d826